| 000 | 00598nam a2200241 a 4500 | ||
|---|---|---|---|
| 001 | nice12345678 | ||
| 003 | IN_TiNIC | ||
| 005 | 20260116011256.0 | ||
| 008 | 050524s1952 graa grp 000 0 eng | ||
| 020 |
_a _c100 |
||
| 082 | 0 | 0 |
_a239 _bWIL |
| 100 | _aWilson, J Christy | ||
| 245 |
_aApostle to Islam _b Biography of Samuel M Zwemer |
||
| 260 |
_aGrand Rapids _bBaker Book House _c1952 |
||
| 300 | _a261p | ||
| 500 | _aincludes index and biblioraphy | ||
| 505 | 2 | _aindex | |
| 650 | _aEvangelistic Work | ||
| 700 | 1 | _aWilson, J Christy | |
| 902 | _bSRS | ||
| 942 | _cBK | ||
| 999 |
_c84 _d84 |
||